Developmental mathematics : (Record no. 6092)

MARC details
000 -LEADER
fixed length control field 01180cam a2200229 a 4500
020 ## - INTERNATIONAL STANDARD BOOK NUMBER
ISBN 0321331915 (student version : alk. paper)
020 ## - INTERNATIONAL STANDARD BOOK NUMBER
ISBN 9780321331915 (student version : alk. paper)
020 ## - INTERNATIONAL STANDARD BOOK NUMBER
ISBN 0321348303 (AIE : alk. paper)
020 ## - INTERNATIONAL STANDARD BOOK NUMBER
ISBN 9780321348302 (AIE : alk. paper)
050 00 - CALL NUMBER
Classification number QA107.2
Item number .B58
100 1# - AUTHOR
Personal name Bittinger, Marvin L.
245 10 - TITLE
Title Developmental mathematics :
Remainder of title college mathematics and introductory algebra.
250 ## - EDITION
Edition statement 7th ed. /
260 ## - PUBLICATION INFORMATION
Place of publication Boston :
Name of publisher Pearson Addison Wesley,
Year of publication c2008.
300 ## - DESCRIPTION
Number of Pages xxxii, 1234, [76] p. :
Other physical details ill. (some col.) ;
Dimensions 28 cm.
500 ## - NOTES
General note Includes index.
505 ## - FORMATTED CONTENTS NOTE
Table of Content Whole numbers --<br/>Fraction notation --<br/>Decimal notation --<br/>Percent notation --<br/>Data, graphs, and statistics --<br/>Geometry --<br/>Introduction to real numbers and algebraic expressions --<br/>Solving equations and inequalities --<br/>Graphs of linear equations --<br/>Polynomials: operations --<br/>Polynomials: factoring --<br/>Rational expressions and equations --<br/>Systems of equations --<br/>Radical expressions and equations --<br/>Quadratic equations --<br/>Appendixes.
650 #0 - SUBJECTS
Topical Term Arithmetic
650 #0 - SUBJECTS
Topical Term Algebra
700 1# - OTHER AUTHORS
Personal name Beecher, Judith A.
942 ## - ADDED ENTRY ELEMENTS (KOHA)
Koha item type Books
Holdings
Withdrawn status Lost status Collection code Home library Current library Shelving location Date acquired Full call number Accession Number Koha item type
    Reference Methodist University Library Main Methodist University Library Main General Stacks 29/08/2019 QA107.2 .B58 36980 Books
Copyright © 2026  MUG Library